Normal view
MARC view
Entry Personal Name
001 - CONTROL NUMBER
- control field: 54331
003 - CONTROL NUMBER IDENTIFIER
- control field: dpl
005 - DATE AND TIME OF LATEST TRANSACTION
- control field: 20121214113658.0
008 - FIXED-LENGTH DATA ELEMENTS
- fixed length control field: 121214|||a|||||| | ||| d
040 ## - CATALOGING SOURCE
- Original cataloging agency: dpl
- Transcribing agency: dpl
100 ## - HEADING--PERSONAL NAME
- Personal name: Chawla, Anuj
670 ## - SOURCE DATA FOUND
- Source citation: Work cat.: (dpl)61032: Chawla, Anuj, Discoveries /, 2009
670 ## - SOURCE DATA FOUND
- Source citation: Work cat.: (dpl)61032: Chawla, Anuj, Discoveries /, 2009
